[Event "?"]
[Site "?"]
[Date "????.??.??"]
[Round "?"]
[White "Skindzier, Saturnin"]
[Black "Durik, Peter"]
[Result "1-0"]
[WhiteElo "2247"]
[BlackElo "2127"]
[Annotator "5-04"]
[PlyCount "99"]

1. d4 d5 2. Nf3 Nf6 3. c4 c6 4. Nc3 e6 5. Bg5 Be7 6. e3 O-O 7. Rc1 Nbd7 8. Bd3
dxc4 9. Bxc4 b5 10. Bd3 Bb7 11. O-O Rc8 12. Ne5 Nxe5 13. dxe5 Nd7 14. Bxe7 Qxe7
15. f4 f6 16. Ne4 fxe5 17. Nd6 Rb8 18. Nxb7 Rxb7 19. Rxc6 exf4 20. exf4 Nf6 21.
Qe2 Qd7 22. Rxe6 Kh8 23. Kh1 b4 24. Ba6 Rb6 25. Rxb6 axb6 26. Bb5 Qc7 27. Qc4
Qd6 28. Re1 Rd8 29. g3 Qd2 30. Re2 Qd6 31. Kg2 h6 32. Kh3 Qd1 33. Kg2 Qd6 34.
Qf7 Rf8 35. Qe6 Qd4 36. Qe5 Qd1 37. Bc6 Rd8 38. Qe3 Qd6 39. Bf3 Nd5 40. Qe4 Nf6
41. Qg6 Qc5 42. Qf7 Qd4 43. Kh3 Qd3 44. Kg2 Qd4 45. Qc7 Rd7 46. Qb8+ Rd8 47.
Qe5 Qc4 48. b3 Qd3 49. Qc7 Qc3 50. Qxd8+ 1-0

[Event "?"]
[Site "?"]
[Date "????.??.??"]
[Round "?"]
[White "Kilic, Mehmet"]
[Black "Falbo, Sandro"]
[Result "0-1"]
[WhiteElo "1799"]
[BlackElo "2204"]
[Annotator "5-13"]
[PlyCount "117"]

1. e4 e6 2. d3 c5 3. g3 d5 4. Qe2 Nc6 5. Nf3 Nge7 6. Bg2 g6 7. O-O Bg7 8. c3
O-O 9. e5 h6 10. Nbd2 b6 11. Re1 a5 12. h4 Ba6 13. Nf1 Rb8 14. N1h2 Kh7 15. Bf4
Rb7 16. Qd2 b5 17. Ng4 Ng8 18. Kh2 b4 19. Rh1 f6 20. exf6 Nxf6 21. Nxh6 Bxh6
22. Bxh6 Ng4+ 23. Kg1 Rxf3 24. Bxf3 Nxh6 25. Re1 Qf6 26. h5 g5 27. Qe3 Re7 28.
c4 Nd4 29. Bxd5 Nhf5 30. Be4 Nc2 31. Qe2 Nxe1 32. Qxe1 Kh6 33. Qd2 Nd4 34. f4
gxf4 35. gxf4 Nf5 36. Rh2 Rg7+ 37. Kf1 Qd4 38. Rf2 Ne3+ 39. Ke2 Nf5 40. Kf1 Bb7
41. Bxf5 exf5 42. Qe2 Qd7 43. Qe3 Qc6 44. Qe5 Rg8 45. Qxf5 Qh1+ 46. Ke2 Re8+
47. Kd2 Qe1+ 48. Kc2 b3+ 49. axb3 Qxf2+ 50. Kb1 Qf1+ 51. Ka2 Re1 52. Qf6+ Kxh5
53. Qf5+ Kh4 54. Qf6+ Kg3 55. Qg5+ Kf3 56. Qh5+ Kxf4 57. Qh4+ Ke3 58. Qh6+ Kxd3
59. Qh3+ 0-1

[Event "?"]
[Site "?"]
[Date "????.??.??"]
[Round "?"]
[White "Prezedmojski, Rafal"]
[Black "Drabke, Lorenz M"]
[Result "1/2-1/2"]
[WhiteElo "2370"]
[BlackElo "2428"]
[Annotator "5-01"]
[PlyCount "20"]
[EventDate "2004.08.12"]

1. e4 d5 2. exd5 Qxd5 3. Nc3 Qa5 4. Nf3 Nf6 5. d4 c6 6. Ne5 Be6 7. Bc4 Bxc4 8.
Nxc4 Qc7 9. Qf3 Qd7 10. Be3 Qg4 1/2-1/2

[Event "?"]
[Site "?"]
[Date "????.??.??"]
[Round "?"]
[White "Champeau, Jayson"]
[Black "Charles, Freddy"]
[Result "0-1"]
[WhiteElo "1056"]
[BlackElo "1820"]
[Annotator "5-41"]
[PlyCount "70"]
[EventDate "2004.08.12"]

1. e4 d5 2. e5 c5 3. c3 Bf5 4. d4 e6 5. Bd3 Bxd3 6. Qxd3 Qb6 7. Nf3 cxd4 8.
Qxd4 Bc5 9. Qa4+ Nc6 10. O-O Qc7 11. b4 Bb6 12. Bf4 Nge7 13. b5 Na5 14. Bg5 Ng6
15. Rc1 Nc4 16. Nbd2 Rc8 17. Nxc4 Qxc4 18. Qxc4 Rxc4 19. Nd2 Rc8 20. Nf3 h6 21.
Bd2 O-O 22. a4 Ba5 23. g3 Rc4 24. Ra2 Rfc8 25. Rb2 Bc7 26. Ra2 Nxe5 27. Nxe5
Bxe5 28. f4 Bxc3 29. Bxc3 Rxc3 30. Rxc3 Rxc3 31. a5 Kf8 32. Kf2 Ke7 33. Ke2 Kd7
34. Kd2 Rb3 35. a6 b6 0-1

[Event "?"]
[Site "?"]
[Date "????.??.??"]
[Round "?"]
[White "van den Heuvel, Tonnie"]
[Black "Bruins, Michael"]
[Result "1/2-1/2"]
[WhiteElo "1962"]
[BlackElo "2071"]
[Annotator "5-29"]
[PlyCount "45"]
[EventDate "2004.08.12"]

1. c4 Nf6 2. g3 c5 3. Bg2 Nc6 4. Nc3 g6 5. d3 Bg7 6. e4 d6 7. h3 O-O 8. Nge2
Rb8 9. a4 e6 10. Be3 b6 11. Rb1 Nb4 12. O-O d5 13. Bf4 Rb7 14. exd5 exd5 15.
Bg5 Re7 16. Nf4 dxc4 17. dxc4 Qxd1 18. Rfxd1 Bf5 19. Bxf6 Bxf6 20. Ncd5 Bxb1
21. Nxe7+ Bxe7 22. Rxb1 Bf6 23. Nd5 1/2-1/2

[Event "?"]
[Site "?"]
[Date "????.??.??"]
[Round "?"]
[White "Mottais, Francois"]
[Black "Deleyn, Gunter"]
[Result "0-1"]
[WhiteElo "2062"]
[BlackElo "2275"]
[Annotator "5-19"]
[PlyCount "68"]
[EventDate "2004.08.12"]

1. d4 Nf6 2. c4 e6 3. Nc3 Bb4 4. Bg5 h6 5. Bh4 c5 6. d5 Bxc3+ 7. bxc3 e5 8. e3
d6 9. Bd3 Qe7 10. Ne2 Nbd7 11. O-O e4 12. Bc2 g5 13. Bg3 Ne5 14. Bxe5 Qxe5 15.
Ng3 Bd7 16. Qb1 O-O-O 17. a4 Rde8 18. Ra2 Kc7 19. a5 h5 20. Rb2 Bc8 21. f4 gxf4
22. Rxf4 h4 23. Nxe4 Nxe4 24. Rxf7+ Re7 25. Rxe7+ Qxe7 26. Bxe4 Re8 27. Bf5
Qxe3+ 28. Rf2 Qxc3 29. Rf1 Qd4+ 30. Kh1 h3 31. Bxc8 hxg2+ 32. Kxg2 Kxc8 33.
Qf5+ Kb8 34. Qf7 Qe4+ 0-1

[Event "?"]
[Site "?"]
[Date "????.??.??"]
[Round "?"]
[White "Lebrun, Roger"]
[Black "Lebel, Patrick"]
[Result "1/2-1/2"]
[WhiteElo "1938"]
[BlackElo "2151"]
[Annotator "5-27"]
[PlyCount "81"]
[EventDate "2004.08.12"]

1. d4 e6 2. e4 b6 3. Bd3 Bb7 4. Nf3 Nf6 5. Nbd2 d5 6. e5 Nfd7 7. Qe2 c5 8. c3
Nc6 9. dxc5 Nxc5 10. Bb5 a6 11. Bxc6+ Bxc6 12. Nd4 Bd7 13. N2f3 Be7 14. h4 b5
15. h5 h6 16. Bf4 Qb6 17. O-O Ne4 18. Rfc1 Rc8 19. Be3 Qc7 20. Rc2 O-O 21. Rac1
f6 22. Bf4 fxe5 23. Bxe5 Bd6 24. Bxd6 Qxd6 25. Qe3 e5 26. Nb3 Rce8 27. Rd1 Nf6
28. Nh2 Nxh5 29. Nc5 Bc8 30. Rcd2 Nf6 31. Ne4 Nxe4 32. Qxe4 Bb7 33. Nf1 Qc6 34.
Qg4 Qe6 35. Qg3 Rd8 36. Ne3 Rd7 37. a3 Re8 38. Qh4 Qf6 39. Qg3 d4 40. Ng4 Qg5
41. Nxe5 1/2-1/2

[Event "?"]
[Site "?"]
[Date "????.??.??"]
[Round "?"]
[White "van Run, Rieke"]
[Black "Sari, Sedar"]
[Result "1-0"]
[WhiteElo "2133"]
[BlackElo "1906"]
[Annotator "5-22"]
[PlyCount "109"]
[EventDate "2004.08.12"]

1. e4 d6 2. d4 Nf6 3. Nc3 g6 4. Nf3 Bg7 5. Bc4 O-O 6. O-O c6 7. a4 Nxe4 8.
Bxf7+ Rxf7 9. Nxe4 Na6 10. Re1 Nc7 11. Ra3 Bg4 12. Neg5 Rf5 13. h3 Bxf3 14.
Rxf3 Rd5 15. c3 e5 16. Nf7 Qd7 17. Nh6+ Bxh6 18. Bxh6 exd4 19. cxd4 Ne6 20.
Rfe3 Re8 21. Qe2 Kf7 22. Rf3+ Ke7 23. Bg7 Kd8 24. Bf6+ Kc7 25. Re3 Nf4 26. Qd2
Re6 27. Re4 Rf5 28. Bh4 Rxe4 29. Rxe4 Nd5 30. Qe1 g5 31. Bg3 Rf7 32. Re6 Nf4
33. Re8 b6 34. a5 b5 35. a6 c5 36. Bxf4 gxf4 37. d5 b4 38. Ra8 Kb6 39. Rb8+ Ka5
40. Rb7 Qxb7 41. axb7 Rxb7 42. b3 c4 43. bxc4 Ka4 44. c5 dxc5 45. d6 b3 46.
Qe4+ Rb4 47. Qc6+ Rb5 48. d7 b2 49. Qa6+ Kb4 50. d8=Q b1=Q+ 51. Kh2 Qc2 52. Qe8
Qd3 53. Qe1+ Kc4 54. Qea5 Qd7 55. Qa4+ 1-0

[Event "?"]
[Site "?"]
[Date "????.??.??"]
[Round "?"]
[White "de Cat, Ben"]
[Black "Keough, Robert"]
[Result "1-0"]
[WhiteElo "1988"]
[BlackElo "2080"]
[Annotator "5-24"]
[PlyCount "139"]
[EventDate "2004.08.12"]

1. b4 e5 2. Bb2 d6 3. e3 Nf6 4. Nf3 e4 5. Nd4 d5 6. b5 Bd6 7. c4 O-O 8. Nc3 Be6
9. Qb3 dxc4 10. Bxc4 Bxc4 11. Qxc4 Nbd7 12. f4 exf3 13. gxf3 Ne5 14. Qe2 Bc5
15. Na4 Bb4 16. Rg1 c5 17. bxc6 bxc6 18. f4 Ng6 19. Nxc6 Qd6 20. Nxb4 Qxb4 21.
Bxf6 Qxa4 22. Bc3 f6 23. Kf2 Rac8 24. Qg4 Qd7 25. Rab1 Rfe8 26. Rb3 Rb8 27. h4
Qf7 28. h5 Nf8 29. Qf5 Nd7 30. Rgb1 Rxb3 31. Rxb3 Nb6 32. h6 Nd5 33. hxg7 Nxc3
34. Rxc3 Qxa2 35. Rd3 Qe6 36. Qxe6+ Rxe6 37. Rd7 a5 38. Ra7 Rd6 39. d4 Rd5 40.
Kf3 f5 41. Kg3 Rb5 42. Kh4 Rb3 43. Kg5 Rxe3 44. Kf6 Re8 45. Rxa5 Rd8 46. Ra7 h5
47. d5 h4 48. Ke6 h3 49. Ra3 Re8+ 50. Kxf5 h2 51. Rh3 Kxg7 52. Rxh2 Rf8+ 53.
Ke5 Kf7 54. Ra2 Re8+ 55. Kd6 Kf6 56. Ra7 Rd8+ 57. Kc6 Rc8+ 58. Rc7 Rd8 59. d6
Ke6 60. Re7+ Kf6 61. Re1 Rc8+ 62. Kb7 Rd8 63. Kc7 Ra8 64. Kb7 Rd8 65. Kc7 Ra8
66. d7 Ra7+ 67. Kc8 Ra8+ 68. Kb7 Rd8 69. Kc7 Ra8 70. d8=Q+ 1-0

[Event "?"]
[Site "?"]
[Date "????.??.??"]
[Round "?"]
[White "Crapullli, Guiseppe"]
[Black "van de Walle, Rob"]
[Result "0-1"]
[WhiteElo "1970"]
[BlackElo "1935"]
[Annotator "6-35"]
[PlyCount "52"]
[EventDate "2004.08.12"]
[SourceDate "2004.08.12"]

1. e4 c5 2. Nf3 d6 3. d4 cxd4 4. Nxd4 Nf6 5. Nc3 Nc6 6. Be2 e5 7. Nb3 Be7 8.
O-O O-O 9. Bf3 a5 10. Be3 a4 11. Nc1 a3 12. b3 Nb4 13. Na4 d5 14. Bb6 Qd7 15.
exd5 e4 16. Be2 Nfxd5 17. Bd4 Qe6 18. c4 Nf4 19. Nb6 Qg6 20. g3 Bh3 21. Nxa8
Rxa8 22. Be3 Nxe2+ 23. Nxe2 Rd8 24. Nf4 Rxd1 25. Nxg6 Rxf1+ 26. Rxf1 hxg6 0-1

[Event "?"]
[Site "?"]
[Date "????.??.??"]
[Round "?"]
[White "Marek, Mariusz"]
[Black "Cooper, Lawrence"]
[Result "1/2-1/2"]
[WhiteElo "2155"]
[BlackElo "2315"]
[Annotator "6-03"]
[PlyCount "37"]
[SourceDate "2004.08.12"]

1. e4 e5 2. Nc3 Nf6 3. f4 d5 4. fxe5 Nxe4 5. Nf3 Nc6 6. Qe2 Nxc3 7. dxc3 d4 8.
Bg5 Be7 9. Bxe7 Qxe7 10. cxd4 Bg4 11. O-O-O O-O-O 12. c3 f6 13. exf6 Qxf6 14.
h3 Rhe8 15. Qf2 Bxf3 16. gxf3 Qf4+ 17. Kb1 Re3 18. Bg2 Ne7 19. Rhg1 1/2-1/2

[Event "?"]
[Site "?"]
[Date "????.??.??"]
[Round "?"]
[White "Durik, Peter"]
[Black "Olesen, Michael Jacob"]
[Result "1-0"]
[WhiteElo "2127"]
[BlackElo "1845"]
[Annotator "6-18"]
[PlyCount "37"]
[SourceDate "2004.08.12"]

1. e4 c5 2. Nf3 e6 3. d4 cxd4 4. Nxd4 Nf6 5. Nc3 Nc6 6. Nxc6 bxc6 7. e5 Nd5 8.
Ne4 Qc7 9. f4 Qb6 10. Qd3 a5 11. a3 Ba6 12. c4 f5 13. exf6 Nxf6 14. Be3 Qc7 15.
Nxf6+ gxf6 16. Be2 O-O-O 17. Qd4 Bd6 18. c5 Bxf4 19. Bxa6+ 1-0

[Event "?"]
[Site "?"]
[Date "????.??.??"]
[Round "?"]
[White "Csolto, Robert"]
[Black "Przedmojski, Rafal"]
[Result "1/2-1/2"]
[WhiteElo "2348"]
[BlackElo "2370"]
[Annotator "6-01"]
[PlyCount "62"]
[SourceDate "2004.08.12"]

1. e4 c6 2. d4 d5 3. e5 Bf5 4. Nc3 h5 5. Be2 e6 6. Bxh5 c5 7. Be2 cxd4 8. Nb5
Nc6 9. Nxd4 Nxd4 10. Qxd4 Ne7 11. Qa4+ Nc6 12. Nf3 Bc5 13. c3 Be4 14. O-O Bxf3
15. Bxf3 Qc7 16. Bf4 O-O-O 17. Rfe1 Rh4 18. g3 Rhh8 19. Qc2 g5 20. Bxg5 Nxe5
21. Bd1 Rdg8 22. Bf6 Nc4 23. Bxh8 Rxh8 24. a4 a5 25. b3 Nd6 26. Bf3 Kb8 27. Qe2
Rd8 28. Qe5 Qb6 29. Qe2 Qxb3 30. Reb1 Qxc3 31. Rc1 Qd4 1/2-1/2

[Event "?"]
[Site "?"]
[Date "????.??.??"]
[Round "?"]
[White "McInnes, Neil"]
[Black "Geerts, Luc"]
[Result "1/2-1/2"]
[WhiteElo "1880"]
[BlackElo "1573"]
[Annotator "6-37"]
[PlyCount "80"]
[SourceDate "2004.08.12"]

1. f4 d5 2. Nf3 Nf6 3. e3 Bd7 4. Be2 c5 5. d3 Nc6 6. O-O h6 7. Ne5 Nxe5 8. fxe5
Nh7 9. Bf3 e6 10. d4 Bb5 11. Be2 Bxe2 12. Qxe2 Ng5 13. h4 Ne4 14. Qb5+ Qd7 15.
Qxd7+ Kxd7 16. Rxf7+ Kc6 17. Nd2 Ng3 18. Rf2 cxd4 19. exd4 Nf5 20. Nf3 Be7 21.
Bd2 g5 22. hxg5 hxg5 23. g4 Ng3 24. Kg2 Ne4 25. Rff1 Raf8 26. Be3 Rh7 27. Rh1
Rfh8 28. Rxh7 Rxh7 29. Rh1 Rxh1 30. Kxh1 a5 31. Kg2 a4 32. a3 Kb5 33. Kf1 Kc4
34. Ke2 b5 35. Nd2+ Nxd2 36. Kxd2 b4 37. axb4 Bxb4+ 38. Ke2 Be7 39. Kd2 Bb4+
40. Ke2 Be7 1/2-1/2

[Event "?"]
[Site "?"]
[Date "????.??.??"]
[Round "?"]
[White "Parker, Glen"]
[Black "Daler, Neset"]
[Result "0-1"]
[WhiteElo "1900"]
[BlackElo "2068"]
[Annotator "6-31"]
[PlyCount "88"]
[SourceDate "2004.08.12"]

1. e4 c5 2. Nf3 e6 3. d4 cxd4 4. Nxd4 a6 5. Nc3 Qc7 6. a3 Nc6 7. Be3 b5 8. Be2
Bb7 9. O-O Nf6 10. f3 Rc8 11. Rc1 Nxd4 12. Bxd4 Bc5 13. Kh1 Bxd4 14. Qxd4 Qc5
15. Qxc5 Rxc5 16. Bd3 d5 17. exd5 Bxd5 18. Nxd5 Nxd5 19. c4 bxc4 20. Bxc4 Ke7
21. Bxa6 Ra5 22. Bc4 Ne3 23. Rfe1 Nxc4 24. Rxc4 Rb8 25. Rc2 Rb3 26. Kg1 Rab5
27. Ree2 g5 28. Kf2 h5 29. Red2 f5 30. h3 Kf6 31. Ke1 f4 32. Kd1 Kf5 33. Kc1 g4
34. hxg4+ hxg4 35. fxg4+ Kxg4 36. Rd8 e5 37. Rg8+ Kf5 38. Re2 Rc5+ 39. Rc2 Rcb5
40. Rf8+ Ke4 41. Rfc8 Rd5 42. Re2+ Re3 43. Rc4+ Kd3 44. Rxe3+ fxe3 0-1

[Event "?"]
[Site "?"]
[Date "????.??.??"]
[Round "?"]
[White "Moen, Steiner"]
[Black "Gooris, Jan"]
[Result "1/2-1/2"]
[WhiteElo "2181"]
[BlackElo "2113"]
[Annotator "6-13"]
[PlyCount "94"]
[SourceDate "2004.08.12"]

1. c4 d6 2. g3 e5 3. Bg2 g6 4. Nc3 Bg7 5. d3 Nc6 6. e4 Nf6 7. Nge2 O-O 8. O-O
a6 9. h3 Bd7 10. Be3 Re8 11. Qd2 Rb8 12. Nd5 Nxd5 13. cxd5 Ne7 14. f4 c6 15.
fxe5 dxe5 16. dxc6 Nxc6 17. Nc3 Be6 18. Nd5 Bxd5 19. exd5 Ne7 20. Qf2 Nf5 21.
Bb6 Qd7 22. g4 Nd4 23. Rac1 Rbc8 24. Rc4 Bh6 25. Kh1 Nb5 26. Bc5 Bf4 27. Qc2
Nc7 28. d6 Ne6 29. Bg1 Rxc4 30. dxc4 Qxd6 31. Bxb7 Nd4 32. Qe4 Rd8 33. Bd5 Ne6
34. Rd1 Kg7 35. Qc2 Bg5 36. Bf3 Qc7 37. Rxd8 Qxd8 38. c5 Nd4 39. Bxd4 exd4 40.
Be4 Be3 41. c6 Qh4 42. Kg2 Qe1 43. Bd3 Qg1+ 44. Kf3 Qh1+ 45. Qg2 Qc1 46. Qc2
Qh1+ 47. Qg2 Qc1 1/2-1/2

[Event "?"]
[Site "?"]
[Date "????.??.??"]
[Round "?"]
[White "Smith, Bryan"]
[Black "So, Kam"]
[Result "0-1"]
[WhiteElo "1400"]
[BlackElo "1666"]
[Annotator "6-39"]
[PlyCount "50"]
[EventDate "2004.08.12"]
[SourceDate "2004.08.12"]

1. e4 e5 2. Nf3 Nc6 3. Be2 Bc5 4. Nc3 d6 5. d3 Nf6 6. h3 Be6 7. Be3 Bxe3 8.
fxe3 h6 9. a3 Qd7 10. Qd2 O-O-O 11. O-O-O d5 12. exd5 Nxd5 13. Nxd5 Qxd5 14. e4
Qc5 15. Rhf1 Na5 16. Kb1 Rd6 17. b4 Qb5 18. d4 Bc4 19. Bxc4 Nxc4 20. Qc1 a5 21.
c3 Ra6 22. Nd2 Ne3 23. c4 Qa4 24. Rde1 Nxf1 25. Rxf1 axb4 0-1

[Event "?"]
[Site "?"]
[Date "????.??.??"]
[Round "?"]
[White "Adolfssen, Rico"]
[Black "Mottais, Francois"]
[Result "0-1"]
[WhiteElo "1707"]
[BlackElo "2062"]
[Annotator "6-33"]
[PlyCount "50"]
[EventDate "2004.08.12"]
[SourceDate "2004.08.12"]

1. e4 c5 2. Nc3 e6 3. f4 d5 4. Bb5+ Nc6 5. d3 Nf6 6. Nf3 Be7 7. Ne5 Qb6 8.
Bxc6+ bxc6 9. Bd2 O-O 10. Qc1 c4 11. exd5 cxd5 12. dxc4 Ba6 13. cxd5 exd5 14.
Ne2 Bc5 15. Rf1 Rfe8 16. h3 Ne4 17. Rf3 Bxe2 18. Kxe2 f6 19. Ng4 h5 20. Ne3
Nxd2 21. Qxd2 d4 22. Rd1 Rad8 23. Qd3 dxe3 24. Qc4+ Kf8 25. Rxd8 Rxd8 0-1

[Event "?"]
[Site "?"]
[Date "????.??.??"]
[Round "?"]
[White "Bruns, Michael"]
[Black "Sari, Serdar"]
[Result "0-1"]
[WhiteElo "2071"]
[BlackElo "1906"]
[Annotator "6-30"]
[PlyCount "56"]
[EventDate "2004.08.12"]
[SourceDate "2004.08.12"]

1. e4 d6 2. d4 Nd7 3. Nc3 c6 4. Be3 e5 5. Nge2 Ngf6 6. f3 Be7 7. Qd2 Nb6 8. Nc1
Be6 9. Nb3 Qc7 10. Bd3 Nc4 11. Bxc4 Bxc4 12. g4 b5 13. dxe5 dxe5 14. Bc5 Bxc5
15. Nxc5 Qe7 16. Qe3 Rd8 17. b3 Rd4 18. bxc4 Qxc5 19. cxb5 Rxe4 20. Qxe4 Nxe4
21. Nxe4 Qe3+ 22. Kf1 Qxf3+ 23. Nf2 e4 24. Kg1 e3 25. Nd3 Qxg4+ 26. Kf1 Qf3+
27. Kg1 cxb5 28. h4 O-O 0-1

[Event "?"]
[Site "?"]
[Date "????.??.??"]
[Round "?"]
[White "Zilka, Jozef"]
[Black "Shea, Joseph"]
[Result "1/2-1/2"]
[WhiteElo "1458"]
[BlackElo "1585"]
[Annotator "6-40"]
[PlyCount "40"]
[EventDate "2004.08.12"]
[SourceDate "2004.08.12"]

1. d4 e6 2. Nf3 Nf6 3. Bg5 d5 4. e3 c5 5. Be2 Nc6 6. O-O cxd4 7. exd4 Be7 8. c3
h6 9. Bxf6 Bxf6 10. Bb5 O-O 11. Nbd2 Bd7 12. Bxc6 Bxc6 13. Ne5 Bxe5 14. dxe5 d4
15. c4 Qg5 16. Nf3 Qg4 17. Qd3 f6 18. h3 Qf5 19. Qxf5 exf5 20. Nxd4 fxe5
1/2-1/2

[Event "?"]
[Site "?"]
[Date "????.??.??"]
[Round "?"]
[White "Indbryn, Tommy"]
[Black "De Cat, Ben"]
[Result "1-0"]
[WhiteElo "2129"]
[BlackElo "1988"]
[Annotator "6-17"]
[PlyCount "45"]
[EventDate "2004.08.12"]
[SourceDate "2004.08.12"]

1. d4 Nf6 2. Bg5 Ne4 3. Bf4 g5 4. Bc1 g4 5. Nd2 d5 6. Nxe4 dxe4 7. e3 Bf5 8. h3
Qd7 9. hxg4 Bxg4 10. f3 exf3 11. gxf3 Bf5 12. e4 Bg6 13. Be3 Bg7 14. Qd2 Qa4
15. Ne2 Nc6 16. Nc3 Qb4 17. O-O-O e5 18. a3 Qa5 19. dxe5 Bxe5 20. Qd7+ Kf8 21.
Rd5 b5 22. Qxc6 Bxc3 23. Qxc3 1-0

[Event "?"]
[Site "?"]
[Date "????.??.??"]
[Round "?"]
[White "Lebel, Patrick"]
[Black "Koopmeiners, Karl"]
[Result "1/2-1/2"]
[WhiteElo "2151"]
[BlackElo "1955"]
[Annotator "6-26"]
[PlyCount "41"]
[EventDate "2004.08.12"]
[SourceDate "2004.08.12"]

1. d4 d5 2. Nf3 c6 3. e3 Bg4 4. c4 Bxf3 5. Qxf3 Nf6 6. Nc3 e6 7. Bd3 Nbd7 8.
O-O Be7 9. b3 O-O 10. Bb2 Re8 11. Rad1 Qc7 12. e4 dxe4 13. Nxe4 Nxe4 14. Qxe4
Nf8 15. Rfe1 Bf6 16. Re2 Red8 17. g3 a5 18. Red2 a4 19. Bc2 axb3 20. Bxb3 Ra5
21. Bc3 1/2-1/2

[Event "?"]
[Site "?"]
[Date "????.??.??"]
[Round "?"]
[White "Kocur, Marc"]
[Black "van Run, Rieke"]
[Result "0-1"]
[WhiteElo "2013"]
[BlackElo "2133"]
[Annotator "6-16"]
[PlyCount "72"]
[EventDate "2004.08.12"]
[SourceDate "2004.08.12"]

1. c4 f5 2. g3 Nf6 3. Bg2 d6 4. Nc3 c6 5. b3 e5 6. e3 Na6 7. d3 Be6 8. Nge2 Be7
9. O-O Qc7 10. e4 O-O 11. Kh1 Rad8 12. Bb2 Ng4 13. h3 Nf6 14. exf5 Bxf5 15. g4
Bg6 16. Ng3 Nc5 17. Nce4 Ne6 18. Nxf6+ Bxf6 19. Be4 Nf4 20. Kh2 d5 21. cxd5
cxd5 22. Bxg6 hxg6 23. Rc1 Qb6 24. Ne2 Bg5 25. Rc2 d4 26. Bc1 Ne6 27. Bxg5 Nxg5
28. f4 exf4 29. Nxf4 Qd6 30. Rcf2 Ne6 31. Kh1 Rxf4 32. Rxf4 Nxf4 33. Qc2 g5 34.
Re1 Qd5+ 35. Kh2 Qf3 36. Qc4+ Kh8 0-1

[Event "?"]
[Site "?"]
[Date "????.??.??"]
[Round "?"]
[White "Cheung, Jan"]
[Black "Nill, Oliver"]
[Result "1-0"]
[WhiteElo "2100"]
[BlackElo "2212"]
[Annotator "6-11"]
[PlyCount "67"]
[EventDate "2004.08.12"]
[SourceDate "2004.08.12"]

1. d4 g6 2. c4 Bg7 3. Nc3 d6 4. e4 Nf6 5. f3 O-O 6. Be3 c5 7. d5 e6 8. Nge2
exd5 9. cxd5 Nbd7 10. Ng3 h5 11. Be2 h4 12. Nf1 Re8 13. Bg5 h3 14. g4 Qa5 15.
Nd2 Ne5 16. Be3 Qd8 17. O-O a6 18. a4 b6 19. Qc2 Ra7 20. Rab1 Bd7 21. b4 Qa8
22. a5 cxb4 23. axb6 bxc3 24. bxa7 Bh6 25. Qxc3 Nexg4 26. fxg4 Nxd5 27. exd5
Bxe3+ 28. Qxe3 Rxe3 29. Rb8+ Re8 30. Rxa8 Rxa8 31. Ra1 Rxa7 32. Rxa6 Rxa6 33.
Bxa6 Bxg4 34. Kf2 1-0

[Event "?"]
[Site "?"]
[Date "????.??.??"]
[Round "?"]
[White "Ranario, Dan"]
[Black "Tommasini, Enzo"]
[Result "1-0"]
[WhiteElo "2004"]
[BlackElo "2128"]
[Annotator "6-22"]
[PlyCount "81"]
[EventDate "2004.08.12"]
[SourceDate "2004.08.12"]

1. d4 d5 2. Nf3 Nf6 3. Bf4 e6 4. e3 c5 5. Bxb8 Rxb8 6. Bb5+ Bd7 7. Bxd7+ Qxd7
8. O-O Qb5 9. Qc1 Bd6 10. a4 Qa5 11. Nc3 a6 12. Ne2 O-O 13. Ng3 Rbc8 14. c3 Qc7
15. Qb1 Rfd8 16. Rc1 g6 17. Qd3 h5 18. Nf1 Kg7 19. g3 Ne4 20. c4 Qe7 21. cxd5
exd5 22. dxc5 Bxc5 23. Kg2 Rc6 24. Rc2 Rf6 25. h4 Bb6 26. Rac1 Nc5 27. Qa3 Rxf3
28. Kxf3 Qe4+ 29. Ke2 Ne6 30. Rd2 d4 31. Qd3 Qg2 32. e4 Re8 33. Kd1 Kh7 34. f3
Qh1 35. b4 a5 36. Rcc2 axb4 37. Rh2 Qg1 38. Rcg2 Nc5 39. Qc4 Nxe4 40. Qxf7+ Kh6
41. fxe4 1-0

[Event "?"]
[Site "?"]
[Date "????.??.??"]
[Round "?"]
[White "Drabke, Lorenz Maximilian"]
[Black "Skindzier, Saturnin"]
[Result "1-0"]
[WhiteElo "2428"]
[BlackElo "2247"]
[Annotator "6-02"]
[PlyCount "63"]
[EventDate "2004.08.12"]
[SourceDate "2004.08.12"]

1. e4 c5 2. Nf3 Nc6 3. Bb5 g6 4. Bxc6 dxc6 5. d3 Bg7 6. h3 e5 7. Be3 Qe7 8. Qd2
f6 9. Qc3 b6 10. b4 Nh6 11. bxc5 b5 12. a4 bxa4 13. Rxa4 O-O 14. Nbd2 Nf7 15.
Nc4 f5 16. Nb6 Rb8 17. Nxc8 Rfxc8 18. O-O f4 19. Bd2 g5 20. Rfa1 Rb7 21. Rb4
Rcc7 22. Rab1 Rxb4 23. Qxb4 h5 24. Qc4 Bf6 25. Rb8+ Kg7 26. d4 g4 27. hxg4 hxg4
28. Nxe5 Bxe5 29. dxe5 Rd7 30. e6 Rxd2 31. Qc3+ Qf6 32. Rg8+ 1-0

[Event "?"]
[Site "?"]
[Date "????.??.??"]
[Round "?"]
[White "Nielsen, Henrik Lindholt"]
[Black "Schott, Guido"]
[Result "0-1"]
[WhiteElo "2028"]
[BlackElo "2195"]
[Annotator "6-20"]
[PlyCount "78"]
[EventDate "2004.08.12"]
[SourceDate "2004.08.12"]

1. d4 d6 2. g3 g6 3. Bg2 Bg7 4. Nf3 Nf6 5. O-O O-O 6. Nbd2 Nbd7 7. c3 e5 8. e3
e4 9. Ng5 d5 10. c4 c6 11. b4 h6 12. Nh3 Nb6 13. c5 Bg4 14. Qb3 Qd7 15. Nf4 g5
16. cxb6 gxf4 17. exf4 axb6 18. Re1 Bh3 19. Nf1 Bxg2 20. Kxg2 Nh5 21. Bb2 Qg4
22. Qe3 c5 23. h3 Qg6 24. Kh2 cxb4 25. Qb3 Rfd8 26. Ne3 Bf8 27. Nxd5 Ra5 28.
Nxb4 Kh7 29. a3 Bd6 30. Qe3 Re8 31. Nd3 Rb5 32. Rab1 Rb3 33. Ba1 Rxd3 34. Qxd3
exd3 35. Rxe8 d2 36. Rd1 Qc2 37. d5 Qxd1 38. Rh8+ Kg6 39. Rg8+ Kf5 0-1

[Event "?"]
[Site "?"]
[Date "????.??.??"]
[Round "?"]
[White "Deleyn, Gunter"]
[Black "Leblanc, Paul"]
[Result "1-0"]
[WhiteElo "2275"]
[BlackElo "1884"]
[Annotator "6-10"]
[PlyCount "105"]
[EventDate "2004.08.12"]
[SourceDate "2004.08.12"]

1. c4 c6 2. b3 d5 3. Bb2 Nf6 4. e3 e6 5. f4 Nbd7 6. Nf3 g6 7. Be2 Bg7 8. O-O
O-O 9. Nc3 a6 10. Qc2 b5 11. Rac1 Bb7 12. Qb1 Rc8 13. Qa1 Re8 14. Nd1 Qe7 15.
Ne5 Qf8 16. Nf2 Nxe5 17. fxe5 Nd7 18. Ng4 h5 19. Nf2 Red8 20. c5 b4 21. Bd4 a5
22. Nh3 Qe7 23. Rf3 Bh6 24. Rg3 Kh7 25. Bd3 Rg8 26. Nf4 Bxf4 27. exf4 Ra8 28.
Rh3 Kh8 29. g4 Rg7 30. Bf2 Ba6 31. Bxa6 Rxa6 32. Qd4 Rh7 33. gxh5 Ra8 34. Bh4
Qf8 35. Bg5 Rxh5 36. Rxh5+ gxh5 37. Kf2 Qg7 38. Rg1 Qh7 39. Rg3 Rg8 40. Qe3 Rg7
41. d3 Qg8 42. Qe2 Qh7 43. Rh3 Rxg5 44. fxg5 Qf5+ 45. Qf3 Qxf3+ 46. Kxf3 Nxe5+
47. Ke2 Kg7 48. Rxh5 Kg6 49. Rh8 Kxg5 50. d4 Ng6 51. Rc8 e5 52. Rxc6 exd4 53.
Rxg6+ 1-0

[Event "?"]
[Site "?"]
[Date "????.??.??"]
[Round "?"]
[White "van Zandwijk, Jan Peter"]
[Black "Vea, Odin Blikra"]
[Result "1-0"]
[WhiteElo "2256"]
[BlackElo "2057"]
[Annotator "6-24"]
[PlyCount "155"]
[SourceDate "2004.08.12"]

1. Nf3 f5 2. d3 Nf6 3. e4 d6 4. e5 dxe5 5. Nxe5 Nbd7 6. Bf4 e6 7. d4 Nxe5 8.
Bxe5 Bd6 9. Nc3 O-O 10. Bc4 Ng4 11. Bxd6 Qxd6 12. h3 Nf6 13. O-O c6 14. Re1 b5
15. Bb3 b4 16. Na4 Ne4 17. c3 Rf6 18. Qe2 Rg6 19. Qe3 Ng5 20. f4 Qxf4 21. Nc5
Qh4 22. Kf1 f4 23. Qf2 Qh6 24. h4 Nf7 25. Re4 Rf6 26. Rae1 f3 27. g3 Ng5 28.
hxg5 Qh1+ 29. Qg1 Qxg1+ 30. Kxg1 f2+ 31. Kg2 fxe1=Q 32. Rxe1 Rg6 33. Re5 bxc3
34. bxc3 h6 35. gxh6 Rxh6 36. Ba4 Rb8 37. Bxc6 Rb2+ 38. Kf3 Rc2 39. Ne4 Rxa2
40. Rb5 Ba6 41. Rb8+ Kh7 42. Ng5+ Kg6 43. Nxe6 Be2+ 44. Ke3 Bg4 45. Nf4+ Kf6
46. Rb7 g5 47. Nd5+ Ke6 48. Kd3 Be2+ 49. Ke4 Ba6 50. Rg7 Kd6 51. Nb4 Re2+ 52.
Kf5 Bc8+ 53. Kxg5 Reh2 54. c4 R6h5+ 55. Kf4 a5 56. c5+ Ke6 57. Nd3 Kf6 58. Rc7
Ba6 59. Ne5 Rf5+ 60. Ke4 Re2+ 61. Kd5 Rexe5+ 62. dxe5+ Rxe5+ 63. Kd4 Rg5 64.
Be4 Bb5 65. Rb7 Ba4 66. Rb6+ Ke7 67. Rg6 Rxg6 68. Bxg6 Kf6 69. Be4 Kg5 70. Bf3
Bd7 71. Kd5 a4 72. Kc4 Be6+ 73. Kb4 Bd7 74. Bd1 Bc8 75. Kxa4 Kf6 76. Kb5 Ke7
77. Kc6 Kd8 78. Kd6 1-0